| 000 | 00672nam a22001937a 4500 | ||
|---|---|---|---|
| 003 | BUBTL | ||
| 008 | 231122b ||||| |||| 00| 0 eng d | ||
| 040 | _aeng | ||
| 082 | _a800/ W5801/ 1969 | ||
| 245 |
_aTwentieth Century Interpretations of The Playboy of the Western World/ _cThomas R. Whitaker |
||
| 260 |
_aUnited States : _bPrentice Hall, _c1969 |
||
| 300 |
_aiii, 121p. _c20 cm. |
||
| 505 | _aTwentieth Century Interpretations of The Playboy of the Western World, Thomas R. Whitaker, English Literature | ||
| 526 | _aEnglish Literature | ||
| 650 | 0 |
_91994 _aEnglish Literature |
|
| 856 |
_k0 _l0 _yDownload |
||
| 942 |
_2ddc _cBK |
||
| 999 |
_c7157 _d7157 |
||